000 00629nam a2200229 a 4500
005 20200104041510.0
008 140220b1990 -us||||| |||| 00| 0 eng d
020 _a0821317067
040 _aCO-BoIAVH
_cCO-BoIAVH
041 0 _aeng
044 _axxu
082 0 4 _a584.9
_bB11v
110 2 _bBanco Mundial
245 1 0 _aVetiver
_bla barrera contra la erosión
260 _aWashington :
_bBanco Mundial,
_c1990.
300 _a78 páginas :
_bilustraciones ;
_c18 x 10 cm.
650 6 _aAgroecología
650 6 _aAgricultura
650 6 _aErosión
650 6 _aChrysopogon
942 _cLIBRO
_2ddc
999 _c413
_d413